=LDR 00000nam 2200000 4500 =001 INLIS000000000010997 =005 20130612102614 =008 ***********************************Ind** =035 ##$$0010-061300000010997 =041 ##$$a Ind =082 ##$$a 664.805 659 6 =090 ##$$a 664.805 659 6 san- k =100 ##$$a Santoso : Hieronymus Budi Santoso =245 ##$$a Kacang asin, Hieronymus Budi Santoso =260 ##$$a Kamisius6c1999 $b Yogyakarta =300 ##$$a 28 hlm, ilus, 19 cm =650 ##$$a Kacang asin =650 ##$$a proses pembuatan =850 ##$$a NBPNMAT